| 000 -LEADER |
| fixed length control field |
01456cam a22003494a 4500 |
| 001 - CONTROL NUMBER |
| control field |
13321110 |
| 003 - CONTROL NUMBER IDENTIFIER |
| control field |
NUST |
| 005 - DATE AND TIME OF LATEST TRANSACTION |
| control field |
20200904101025.0 |
| 008 - FIXED-LENGTH DATA ELEMENTS--GENERAL INFORMATION |
| fixed length control field |
030822s2004 enka b 001 0 eng |
| 010 ## - LIBRARY OF CONGRESS CONTROL NUMBER |
| LC control number |
2003062751 |
| 020 ## - INTERNATIONAL STANDARD BOOK NUMBER |
| International Standard Book Number |
978-0-470-74911-1 (acidfree paper) |
| 020 ## - INTERNATIONAL STANDARD BOOK NUMBER |
| International Standard Book Number |
978-0-470-74911-1 (hbk. : acidfree paper) |
| 038 ## - RECORD CONTENT LICENSOR |
| Staff Name |
MSOHAIL |
| 040 ## - CATALOGING SOURCE |
| Original cataloging agency |
DLC |
| Transcribing agency |
LIBRARY |
| Modifying agency |
DLC |
| 042 ## - AUTHENTICATION CODE |
| Authentication code |
pcc |
| 050 00 - LIBRARY OF CONGRESS CALL NUMBER |
| Classification number |
GE45.M37 |
| Item number |
E593 2004 |
| 082 00 - DEWEY DECIMAL CLASSIFICATION NUMBER |
| Classification number |
628 WAI |
| Author Mark |
2013 |
| 245 00 - TITLE STATEMENT |
| Title |
Environmental modelling : |
| Remainder of title |
finding simplicity in complexity / |
| Statement of responsibility, etc. |
editors, John Wainwright and Mark Mulligan. |
| 250 ## - EDITION STATEMENT |
| Edition statement |
2nd |
| 260 ## - PUBLICATION, DISTRIBUTION, ETC. |
| Place of publication, distribution, etc. |
Chichester, West Sussex, England ; |
| -- |
Hoboken, NJ : |
| Name of publisher, distributor, etc. |
Wiley, |
| Date of publication, distribution, etc. |
c2004. |
| 300 ## - PHYSICAL DESCRIPTION |
| Extent |
xxii, 475 p. : |
| Other physical details |
ill. ; |
| Dimensions |
25 cm. |
| 504 ## - BIBLIOGRAPHY, ETC. NOTE |
| Bibliography, etc. note |
Includes bibliographical references and index. |
| 650 #0 - SUBJECT ADDED ENTRY--TOPICAL TERM |
| Topical term or geographic name entry element |
Environmental sciences |
| General subdivision |
ME |
| 9 (RLIN) |
29862 |
| 700 1# - ADDED ENTRY--PERSONAL NAME |
| Personal name |
Wainwright, John, |
| Dates associated with a name |
1967- |
| 9 (RLIN) |
29860 |
| 700 1# - ADDED ENTRY--PERSONAL NAME |
| Personal name |
Mulligan, Mark, |
| Dates associated with a name |
1970- |
| 9 (RLIN) |
29861 |
| 856 42 - ELECTRONIC LOCATION AND ACCESS |
| Materials specified |
Contributor biographical information |
| Uniform Resource Identifier |
<a href="http://www.loc.gov/catdir/bios/wiley042/2003062751.html">http://www.loc.gov/catdir/bios/wiley042/2003062751.html</a> |
| 856 42 - ELECTRONIC LOCATION AND ACCESS |
| Materials specified |
Publisher description |
| Uniform Resource Identifier |
<a href="http://www.loc.gov/catdir/description/wiley035/2003062751.html">http://www.loc.gov/catdir/description/wiley035/2003062751.html</a> |
| 856 41 - ELECTRONIC LOCATION AND ACCESS |
| Materials specified |
Table of contents |
| Uniform Resource Identifier |
<a href="http://www.loc.gov/catdir/toc/wiley032/2003062751.html">http://www.loc.gov/catdir/toc/wiley032/2003062751.html</a> |
| 906 ## - LOCAL DATA ELEMENT F, LDF (RLIN) |
| a |
7 |
| b |
cbc |
| c |
orignew |
| d |
1 |
| e |
ocip |
| f |
20 |
| g |
y-gencatlg |
| 942 ## - ADDED ENTRY ELEMENTS (KOHA) |
| Source of classification or shelving scheme |
|
| Koha item type |
Book |